<?xml version="1.0" encoding="UTF-8"?><?xml-stylesheet type="text/xsl" href="static/style.xsl"?><OAI-PMH xmlns="http://www.openarchives.org/OAI/2.0/" xmlns:xsi="http://www.w3.org/2001/XMLSchema-instance" xsi:schemaLocation="http://www.openarchives.org/OAI/2.0/ http://www.openarchives.org/OAI/2.0/OAI-PMH.xsd"><responseDate>2026-04-30T05:15:57Z</responseDate><request verb="GetRecord" identifier="oai:uvadoc.uva.es:10324/5097" metadataPrefix="marc">https://uvadoc.uva.es/oai/request</request><GetRecord><record><header><identifier>oai:uvadoc.uva.es:10324/5097</identifier><datestamp>2025-02-07T13:14:47Z</datestamp><setSpec>com_10324_38</setSpec><setSpec>col_10324_852</setSpec></header><metadata><record xmlns="http://www.loc.gov/MARC21/slim" xmlns:doc="http://www.lyncode.com/xoai" xmlns:xsi="http://www.w3.org/2001/XMLSchema-instance" xmlns:dcterms="http://purl.org/dc/terms/" xsi:schemaLocation="http://www.loc.gov/MARC21/slim http://www.loc.gov/standards/marcxml/schema/MARC21slim.xsd">
<leader>00925njm 22002777a 4500</leader>
<datafield tag="042" ind1=" " ind2=" ">
<subfield code="a">dc</subfield>
</datafield>
<datafield tag="720" ind1=" " ind2=" ">
<subfield code="a">Romero Ortiz, María Ángeles</subfield>
<subfield code="e">author</subfield>
</datafield>
<datafield tag="260" ind1=" " ind2=" ">
<subfield code="c">2014</subfield>
</datafield>
<datafield tag="520" ind1=" " ind2=" ">
<subfield code="a">La expresión plástica es un lenguaje a través del cual los niños comunican y expresan sus vivencias, emociones y su realidad. Veremos que nos quieren decir los niños a través de sus dibujos, cómo evoluciona la Expresión Plástica durante la etapa de infantil y cómo la escuela será el centro de este desarrollo incluyéndola en el currículum de la Educación Infantil.&#xd;
Por otra parte se quiere acercar la cultura al aula a través de los museos, ya sea realizando salidas o a través de las nuevas tecnologías de la información y comunicación: los museos virtuales</subfield>
</datafield>
<datafield tag="024" ind2=" " ind1="8">
<subfield code="a">http://uvadoc.uva.es/handle/10324/5097</subfield>
</datafield>
<datafield ind1=" " ind2=" " tag="653">
<subfield code="a">Museos-Aspecto educativo</subfield>
</datafield>
<datafield ind1=" " ind2=" " tag="653">
<subfield code="a">Expresión plástica</subfield>
</datafield>
<datafield ind1=" " ind2=" " tag="653">
<subfield code="a">Arte-Estudio y enseñanza (Infantil)</subfield>
</datafield>
<datafield tag="245" ind1="0" ind2="0">
<subfield code="a">Un museo en el aula</subfield>
</datafield>
</record></metadata></record></GetRecord></OAI-PMH>